000 01436cam a22003615i 4500
999 _c7588
_d7588
003 OSt
005 20200316162101.0
008 180507s2018 ii abf b 001 0 eng d
020 _a9789387587526
_q(hardback)
035 _a(OCoLC)1043602702
040 _aDKAGE
_beng
_erda
_cDKAGE
_dOCLCF
_dOCLCO
_dDLC
082 0 4 _a725.9409542
_223
_bSIN
100 1 _aSingh, Ambika Prasad,
_eauthor.
245 1 0 _aMonuments of Mathura Vrindavan :
_barchitectural and engineering aspects /
_cAmbika Prasad Singh.
300 _axviii, 198 pages, plates :
_billustrations (black and white, and color), 1 map (black and white) ;
_c29 cm
504 _aIncludes bibliographical references (pages 115-124) and index.
650 0 _aMonuments
_zIndia
_zMathurā
_xDesign and construction.
650 0 _aMonuments
_zIndia
_zVrindāvan
_xDesign and construction.
650 0 _aArchitecture
_zIndia
_zMathurā
_xHistory.
650 0 _aArchitecture
_zIndia
_zVrindāvan
_xHistory.
650 7 _aAntiquities.
_2fast
650 7 _aArchitecture.
_2fast
650 7 _aKings and rulers.
_2fast
650 7 _aMonuments
_xDesign and construction.
_2fast
651 0 _aMathurā (India)
_xKings and rulers.
651 0 _aVrindāvan (India)
_xKings and rulers.
651 0 _aMathurā (India)
_xAntiquities.
651 0 _aVrindāvan (India)
_xAntiquities.
651 7 _aIndia
_zMathurā
_2fast
651 7 _aIndia
_zVrindāvan.
_2fast
655 7 _aHistory.
_2fast
942 _2ddc